header

Un Homme grand (Record no. 195964)

MARC details
000 -LEADER
fixed length control field 01564nam a2200349Ia 4500
245 03 - TITLE STATEMENT
Title Un Homme grand
260 ## - PUBLICATION, DISTRIBUTION, ETC. (IMPRINT)
Place of publication Ottawa, Canada :
Name of publisher Carleton University Press ;
Place of publication Don Mills, Ont., Canada :
Name of publisher Distributed by Oxford University Press,
Year of publication 1990.
300 ## - PHYSICAL DESCRIPTION
Number of Pages xxxi, 236 p.
500 ## - GENERAL NOTE
General note English and French.
650 #0 - SUBJECT ADDED ENTRY--TOPICAL TERM
Topical Term Beat generation
700 1# - ADDED ENTRY--PERSONAL NAME
Personal name Kerouac, Jack,
Personal name Anctil, Pierre.
856 40 - ELECTRONIC LOCATION AND ACCESS
Uniform Resource Identifier http://site.ebrary.com/lib/rucke/Doc?id=10141872

No items available.

© 2026 Rongo University
Contact us: librarian | system librarian | Rongo university